| 000 | 00449nam a2200157 4500 | ||
|---|---|---|---|
| 001 | 122716 | ||
| 003 | ES-MaACL | ||
| 005 | 20230906192029.0 | ||
| 007 | t| | ||
| 008 | 070214s1958 sp r ||||1| cat d | ||
| 100 | 1 |
_aPuig i Llensa, Pere. _994268 |
|
| 245 | 1 | 0 |
_aPrimer Dall _b: poesies / _cPere Puig i Llensa. |
| 260 |
_a[s.l.] : _b[s.n.], _c1958. |
||
| 300 |
_a137 p., 1 lám. : _b`retr. aut.` ; _c22 cm. |
||
| 852 |
_aES-MaACL _jC-16258 _bR.43930 |
||
| 999 |
_c122716 _d122716 |
||